Economic analysis of Sub-Saharan Africa real estate policies / (Record no. 14311)
[ view plain ]
| 000 -LEADER | |
|---|---|
| fixed length control field | 01433cam a22003614a 4500 |
| 001 - CONTROL NUMBER | |
| control field | 16339702 |
| 005 - DATE AND TIME OF LATEST TRANSACTION | |
| control field | 20170105102852.0 |
| 008 - FIXED-LENGTH DATA ELEMENTS--GENERAL INFORMATION | |
| fixed length control field | 100719s2010 enka b 001 0 eng d |
| 010 ## - LIBRARY OF CONGRESS CONTROL NUMBER | |
| LC control number | 2010281255 |
| 015 ## - NATIONAL BIBLIOGRAPHY NUMBER | |
| National bibliography number | GBA9B5502 |
| Source | bnb |
| 016 7# - NATIONAL BIBLIOGRAPHIC AGENCY CONTROL NUMBER | |
| Record control number | 015432734 |
| Source | Uk |
| 020 ## - INTERNATIONAL STANDARD BOOK NUMBER | |
| International Standard Book Number | 9780230232310 (hbk.) |
| 020 ## - INTERNATIONAL STANDARD BOOK NUMBER | |
| International Standard Book Number | 0230232310 (hbk.) |
| 035 ## - SYSTEM CONTROL NUMBER | |
| System control number | (OCoLC)ocn430839350 |
| 040 ## - CATALOGING SOURCE | |
| Original cataloging agency | UKM |
| Transcribing agency | UKM |
| Modifying agency | BTCTA |
| -- | YDXCP |
| -- | BWKUK |
| -- | BWK |
| -- | BWX |
| -- | DLC |
| 042 ## - AUTHENTICATION CODE | |
| Authentication code | lccopycat |
| 043 ## - GEOGRAPHIC AREA CODE | |
| Geographic area code | f------ |
| 050 00 - LIBRARY OF CONGRESS CALL NUMBER | |
| Classification number | HD966 |
| Item number | .H36 2010 |
| 082 04 - DEWEY DECIMAL CLASSIFICATION NUMBER | |
| Classification number | 333.30967 |
| Edition number | 22 |
| 100 1# - MAIN ENTRY--PERSONAL NAME | |
| Personal name | Hammond, Felix. |
| 245 10 - TITLE STATEMENT | |
| Title | Economic analysis of Sub-Saharan Africa real estate policies / |
| Statement of responsibility, etc. | Felix N. Hammond and Yaw Adarkwah Antwi. |
| 260 ## - PUBLICATION, DISTRIBUTION, ETC. | |
| Place of publication, distribution, etc. | Basingstoke, Hampshire ; |
| -- | New York : |
| Name of publisher, distributor, etc. | Palgrave Macmillan, |
| Date of publication, distribution, etc. | 2010. |
| 300 ## - PHYSICAL DESCRIPTION | |
| Extent | xiv, 260 p. : |
| Other physical details | ill. ; |
| Dimensions | 22 cm. |
| 504 ## - BIBLIOGRAPHY, ETC. NOTE | |
| Bibliography, etc. note | Includes bibliographical references (p. 230-249) and indexes. |
| 650 #0 - SUBJECT ADDED ENTRY--TOPICAL TERM | |
| Topical term or geographic name entry element | Land tenure |
| General subdivision | Government policy |
| -- | Economic aspects |
| Geographic subdivision | Africa, Sub-Saharan. |
| 650 #0 - SUBJECT ADDED ENTRY--TOPICAL TERM | |
| Topical term or geographic name entry element | Real property |
| General subdivision | Government policy |
| Geographic subdivision | Africa, Sub-Saharan. |
| 650 #0 - SUBJECT ADDED ENTRY--TOPICAL TERM | |
| Topical term or geographic name entry element | Real estate business |
| General subdivision | Government policy |
| -- | Economic aspects |
| Geographic subdivision | Africa, Sub-Saharan. |
| 650 #0 - SUBJECT ADDED ENTRY--TOPICAL TERM | |
| Topical term or geographic name entry element | Economic development |
| Geographic subdivision | Africa, Sub-Saharan. |
| 700 1# - ADDED ENTRY--PERSONAL NAME | |
| Personal name | Antwi, Yaw Adarkwah. |
| 906 ## - LOCAL DATA ELEMENT F, LDF (RLIN) | |
| a | 7 |
| b | cbc |
| c | copycat |
| d | 2 |
| e | ncip |
| f | 20 |
| g | y-gencatlg |
| 942 ## - ADDED ENTRY ELEMENTS (KOHA) | |
| Source of classification or shelving scheme | |
| Koha item type | Book |
| Withdrawn status | Lost status | Damaged status | Not for loan | Collection code | Permanent Location | Current Location | Shelving location | Date acquired | Total Checkouts | Full call number | Barcode | Date last seen | Price effective from | Koha item type |
|---|---|---|---|---|---|---|---|---|---|---|---|---|---|---|
| Centre for International Peace & Stability (CIPS) | Centre for International Peace & Stability (CIPS) | General Stacks | 08/06/2013 | 333.30967 HAM 2010 | CIPS0000604 | 08/21/2013 | 08/21/2013 | Book |
